00913 2200325 4500001002100000005001500021035002000036007000300056040001700059100002300076245008100099250000900180300003700189504002600226020002200252041000800274082001100282084001700293090001800310264003700328336002100365337003000386338002300416500002900439650002000468850001000488008004100498990002400539990002400563INLIS00000000000992620260413090125 a0010-0123000253ta aSBPUPADbind0 aMadcomsePengarang1 aLangkah Cerdas Mengenal, Mencegah, Membasmi Segala Virus Komputer /cMadcoms aEd.1 aviii, 232 hlm. :bilus, ;c23 cm aBlibliografi, hlm 227 a978-979-29-7068-507aind a005.84 a005.84 MAD l a004 SUG i 1-3 aYoygakarta :bAndi Offest,c2018 2rdacontentaTeks 2rdamediaatanpa perantara 2rdacarrieravolume aBiodata Penulis, hlm 228 4aTeknik Komputer aPUPAD260413 0  a33.623/DAK/DPK/2019 a33.626/DAK/DPK/2019